000 00325nam a22001337a 4500
008 170324b xxu||||| |||| 00| 0 eng d
020 _a0132953609
041 _aeng
080 _22ND
_a615.83
100 _a8
101 _aSHM
245 _aAN EXPERIENTIAL APPROACH TO ORGANIZATION DEVELOPMENT
_cHARVEY, D.F
942 _2udc
_cBK
999 _c8570
_d8570